000 00631nam a2200157 i 4500
001 184416
003 ES-MaACL
005 20230906222205.0
008 150821s1887 fr |||| | fre d
100 0 _aDaubrée, Auguste.
_942793
245 1 4 _aLes eaux souterraines à l'époque actuelle
_b: leur régime, leur température, leur composition, au point de vue du rôle qui leur revient dans l'économie de l'écorce terrestre /
_cpar A. Daubrée...
260 _aParis :
_bVve Ch. Dunod,
_c1887.
300 _a2 vol. (455 p., 302 p.) :
_bil. ;
_c25 cm.
650 4 _aAguas subterráneas.
_9135536
852 _aES-MaACL
_jF-1400-01
999 _c184416
_d184416